La biotecnología en el sector público provincial (Registro nro. 23160)

Detalles MARC
000 -LEADER
fixed length control field 00367 a2200121 4500
001 - CONTROL NUMBER
control field ART_10602
005 - DATE AND TIME OF LATEST TRANSACTION
control field 20260410161830.0
008 - FIXED-LENGTH DATA ELEMENTS--GENERAL INFORMATION
fixed length control field 260409a
100 1# - MAIN ENTRY--PERSONAL NAME
Personal name Milesi, Darío
245 10 - TITLE STATEMENT
Title La biotecnología en el sector público provincial
700 1# - ADDED ENTRY--PERSONAL NAME
Personal name Crespi, Gustavo
773 0# - HOST ITEM ENTRY
Title Actualidad Económica
Related parts - Año II, Nº 10 (sep. 1992)
Record control number REV5083

No hay ítems disponibles.